Cymbeline

Guardat en:
Dades bibliogràfiques
Autor principal: Shakespeare, William
Format: Llibre
Idioma:Undetermined
Publicat: New York, Estados Unidos Signet Classic 1968
Matèries:
Etiquetes: Afegir etiqueta
Sense etiquetes, Sigues el primer a etiquetar aquest registre!

MARC

LEADER 00000nam a2200000Ia 4500
008 170316s9999 xx 000 0 und d
040 |a cru BVZT 
090 |a 820 S-5cy 
100 |a Shakespeare, William 
245 |a Cymbeline 
260 |a New York, Estados Unidos 
260 |b Signet Classic 
260 |c 1968 
300 |a 238 páginas 
650 |a LITERATURA INGLESA 
999 |c 7116  |d 7116 
942 |c 15 D  |h 820 S-5cy  |2 z